Tradición griega y textos médicos latinos en el período presalernitano : (Record no. 90555)

MARC details
000 -LEADER
campo de control de longitud fija 00651nmm a2200169Ia 4500
008 - DATOS DE LONGITUD FIJA--INFORMACIÓN GENERAL
campo de control de longitud fija 251105s9999||||xx |||||||||||||||||und||
020 ## - NÚMERO INTERNACIONAL ESTÁNDAR DEL LIBRO
Número Internacional Estándar del Libro 9788497492546
041 ## - CÓDIGO DE IDIOMA
Código de lengua del texto/banda sonora o título independiente spa
100 ## - ENTRADA PRINCIPAL--NOMBRE DE PERSONA
Nombre de persona Ferraces Rodríguez, Arsenio
245 #0 - MENCIÓN DEL TÍTULO
Título Tradición griega y textos médicos latinos en el período presalernitano :
Resto del título Actas del VIII Coloquio Internacional Textos Médicos Latinos Antiguos (A Coruña, 2-4 septiembre 2004)
264 ## - PRODUCCIÓN, PUBLICACIÓN, DISTRIBUCIÓN, FABRICACIÓN Y COPYRIGHT
Producción, publicación, distribución, fabricación y copyright [Madrid, España] :
Nombre del de productor, editor, distribuidor, fabricante Universidade da Coruña,
Fecha de producción, publicación, distribución, fabricación o copyright 2007
300 ## - DESCRIPCIÓN FÍSICA
Extensión 411 páginas
490 ## - MENCIÓN DE SERIE
Mención de serie Cursos, congresos e simposios
650 ## - PUNTO DE ACCESO ADICIONAL DE MATERIA--TÉRMINO DE MATERIA
Término de materia o nombre geográfico como elemento de entrada Medicine
856 ## - LOCALIZACIÓN Y ACCESO ELECTRÓNICOS
Identificador Uniforme de Recursos <a href="https://public.digitaliapublishing.com/a/1136">https://public.digitaliapublishing.com/a/1136</a>
942 ## - ELEMENTOS DE ENTRADA SECUNDARIOS (KOHA)
Tipo de ítem Koha Libro Digital

No items available.

Powered by Koha